Countries with Overseas Territories - Sudden Death - Statistics

General Stats
  • This quiz has been taken 25 times
    17 since last reset
  • The average score is 7 of 10
Answers on the Grid
Answers color-coded by a green-red scale on the quiz's grid according to % correct below.
New Zealand
Norway
United Kingdom
United States
Australia
China
Denmark
Finland
France
Netherlands
Sweden
Germany
India
Japan
Canada
 
Answer Stats
Answer % Correct
Netherlands
100%
United Kingdom
100%
Denmark
91%
France
91%
United States
91%
Australia
82%
Norway
82%
New Zealand
73%
India
27%
Finland
9%
No matching quizzes found
Score Distribution
Percent of People with Each Score
Percentile by Number Answered
Your Score History
You have not taken this quiz since the last reset